UITU Library & LRC     

Resource Pooling (Record no. 32334)

MARC details
000 -LEADER
fixed length control field 00553nam a2200145Ia 4500
008 - FIXED-LENGTH DATA ELEMENTS--GENERAL INFORMATION
fixed length control field 260210s9999 xx 000 0 und d
024 ## - OTHER STANDARD IDENTIFIER
Standard number or code 15B-020-BS, 15B-031-BS, 15B-041-BS & 15B-034-BS
082 ## - DEWEY DECIMAL CLASSIFICATION NUMBER
Classification number 004.3072 FIN
100 ## - MAIN ENTRY--PERSONAL NAME
Personal name Finza Mughal, Ebad Akhter, Ebad Nasir & Sarim Qasmi
245 #0 - TITLE STATEMENT
Title Resource Pooling
260 ## - PUBLICATION, DISTRIBUTION, ETC.
Place of publication, distribution, etc. Karachi:
Name of publisher, distributor, etc. UITU,
Date of publication, distribution, etc. 2015
600 ## - SUBJECT ADDED ENTRY--PERSONAL NAME
Personal name Computer Science
650 ## - SUBJECT ADDED ENTRY--TOPICAL TERM
Topical term or geographic name entry element Bachelor of Computer Science (BS)
856 ## - ELECTRONIC LOCATION AND ACCESS
Uniform Resource Identifier <a href="https://drive.google.com/file/d/1tPv2oUmJ9q_X_e1mZXOsJoJPMIp5dWxQ/view?usp=sharing">https://drive.google.com/file/d/1tPv2oUmJ9q_X_e1mZXOsJoJPMIp5dWxQ/view?usp=sharing</a>
Link text Click here to PDF

No items available.

Powered by Koha